Geografía 3 : la conformación del espacio geográfico argentino y su situación actual /
Guardado en:
| Autor Principal: | |
|---|---|
| Formato: | Libro |
| Publicado: |
Buenos Aires :
Aique,
2009
|
| Series: | El mundo en tus manos
|
| Materias: | |
| Etiquetas: |
Agregar Etiqueta
Sin Etiquetas, Sea el primero en etiquetar este registro!
|
| LEADER | 02099nam a22003735a 4500 | ||
|---|---|---|---|
| 001 | CEM.cems013362 | ||
| 005 | 20100526100820.0 | ||
| 008 | 130507s2009##################000#0#####d | ||
| 003 | CEMS | ||
| 020 | |a 9789870602514 | ||
| 082 | 0 | 4 | |a Z918.2 |
| 100 | 1 | |a Zappettini, María Cecilia | |
| 245 | 1 | 0 | |a Geografía 3 : |b la conformación del espacio geográfico argentino y su situación actual / |c Coordinado Por María Cecilia Zappettini |
| 260 | |a Buenos Aires : |b Aique, |c 2009 | ||
| 300 | |a 258 p. | ||
| 490 | 0 | |a El mundo en tus manos | |
| 500 | |a Para nivel educación secundaria | ||
| 505 | 0 | |a La geografía como ciencia social -- Espacio y organización del territorio nacional -- La organización del Estado y del territorio argentino -- El modelo agroexportador: cambios y continuidades -- El modelo de sustitución de importaciones -- Espacio, sociedad y naturaleza: cambios y continuidades en el tiempo -- Las condiciones físico-naturales -- La apropiación de los recursos naturales | |
| 653 | |a Ciencias sociales | ||
| 653 | |a Ciencias sociales-egb | ||
| 653 | |a Geografía argentina | ||
| 653 | |a Ciencias sociales-esb | ||
| 859 | |a CEMS |b BIB. CEMS - 11 de abril |h Z918.2 |i Z181 |p 25884.10 |t Ej.1 |v 3 |3 3 | ||
| 859 | |a CEMS |b BIB. CEMS - 11 de abril |h Z918.2 |i Z181 |p 25885.10 |t Ej.2 |v 3 |3 3 | ||
| 859 | |a CEMS |b BIB. CEMS - 11 de abril |h Z918.2 |i Z181 |p 25886.10 |t Ej.3 |v 3 |3 3 | ||
| 859 | |a CEMS |b BIB. CEMS - 11 de abril |h Z918.2 |i Z181 |p 25887.10 |t Ej.4 |v 3 |3 3 | ||
| 859 | |a CEMS |b BIB. CEMS - 11 de abril |h Z918.2 |i Z181 |p 25888.10 |t Ej.5 |v 3 |3 3 | ||
| 859 | |a CEMS |b BIB. CEMS - 11 de abril |h Z918.2 |i Z181 |p 25904.10 |t Ej.6 |v 3 |3 3 | ||
| 859 | |a CEMS |b BIB. CEMS - 11 de abril |h Z918.2 |i Z181 |p 25905.10 |t Ej.7 |v 3 |3 3 | ||
| 859 | |a CEMS |b BIB. CEMS - 11 de abril |h Z918.2 |i Z181 |p 25906.10 |t Ej.8 |v 3 |3 3 | ||
| 859 | |a CEMS |b BIB. CEMS - 11 de abril |h Z918.2 |i Z181 |p 25907.10 |t Ej.9 |v 3 |3 3 | ||
| 859 | |a CEMS |b BIB. CEMS - 11 de abril |h Z918.2 |i Z181 |p 25908.10 |t Ej.10 |v 3 |3 3 | ||
| 859 | |a CEMS |b BIB. CEMS - 11 de abril |h Z918.2 |i Z181 |p 26696.13 |t Ej.11 |v 3 |3 3 | ||
| 859 | |a CEMS |b BIB. CEMS - 11 de abril |h Z918.2 |i Z181 |p 27280.16 |t Ej.12 |v 3 |3 3 | ||
